| 000 | 00380 a2200121 4500 | ||
|---|---|---|---|
| 001 | ART_6961 | ||
| 005 | 20260410161659.0 | ||
| 008 | 260409a | ||
| 245 | 1 | 0 | _aPolítica cambiaria y monetaria despues del colapso de la convertibilidad |
| 100 | 1 | _aFrenkel, Roberto | |
| 700 | 1 | _aRapetti, Martín | |
| 773 | 0 |
_tEnsayos Económicos _g- Nº 46 (ene. 2007) _wREV620 |
|
| 999 |
_c15022 _d15022 |
||